| 000 | 00743nam a2200181Ia 4500 | ||
|---|---|---|---|
| 008 | 090630s9999 xx 000 0 und d | ||
| 082 | _b11723 | ||
| 100 | _aभागवत भा. रा. | ||
| 245 |
_aविमान चोर विरुध्द फास्टर फेणे. _cभागवत भा. रा. |
||
| 260 |
_bउत्कर्ष - पुणे. _c1990 |
||
| 300 | _a138 | ||
| 600 | _aभागवत भा. रा. | ||
| 630 | _aविमान चोर विरुध्द फास्टर फेणे. | ||
| 655 | _aबालवाङमय. | ||
| 700 | _aभागवत भा. रा. | ||
| 730 | _aविमान चोर विरुध्द फास्टर फेणे. | ||
| 942 | _cBOOK | ||
| 999 |
_c263579 _d263579 |
||